000 00448nmm a2200169Ia 4500
008 251105s9999||||xx |||||||||||||||||und||
020 _a9788446037354
041 _aspa
100 _aVarios autores
245 0 _aQué hacemos por una muerte digna
264 _a[Madrid, España] :
_bAkal,
_c2012
300 _a64 páginas
490 _aQué hacemos
650 _aLaw
856 _uhttps://public.digitaliapublishing.com/a/27980
942 _cCF
999 _c82934
_d82934